La reforma profesional del sistema educativo (Registro nro. 2147)
[ vista simple ]
| 000 -CABECERA | |
|---|---|
| campo de control de longitud fija | 00766naa a2200229 i 4500 |
| 001 - NÚMERO DE CONTROL | |
| campo de control | 2147 |
| 003 - IDENTIFICADOR DEL NÚMERO DE CONTROL | |
| campo de control | ES-MaBCM |
| 005 - FECHA Y HORA DE LA ÚLTIMA TRANSACCIÓN | |
| campo de control | 20241016090631.0 |
| 008 - CÓDIGOS DE INFORMACIÓN DE LONGITUD FIJA | |
| campo de control de longitud fija | 880606s1988 gbr 000 0 spa d |
| 021 ## - | |
| -- | xx |
| 035 ## - NÚMERO DE CONTROL DEL SISTEMA | |
| Número de control de sistema | (OCoLC)1365174840 |
| 040 ## - FUENTE DE LA CATALOGACIÓN | |
| Centro transcriptor | ES-MaBCM |
| 041 0# - CÓDIGO DE LENGUA | |
| Código de lengua del texto/banda sonora o título independiente | spa |
| 043 ## - CÓDIGO DE ÁREA GEOGRÁFICA | |
| Código de área geográfica | gbr |
| 100 1# - PUNTO DE ACCESO PRINCIPAL - NOMBRE DE PERSONA | |
| Nombre de persona | Sánchez Fierro, Julio |
| 9 (RLIN) | 42075 |
| 245 13 - MENCIÓN DE TÍTULO | |
| Título | La reforma profesional del sistema educativo |
| Resto del título | : el punto de vista empresarial |
| Mención de responsabilidad etc. | Julio Sánchez Fierro |
| 520 ## - SUMARIO, ETC. | |
| Sumario etc. | Dado que el sistema educativo profesional se considera inoperante, la CEOE expresa sus puntos de vista |
| 650 27 - PUNTO DE ACCESO ADICIONAL DE MATERIA--TÉRMINO DE MATERIA | |
| Término de materia o nombre geográfico como elemento inicial | Formación profesional |
| 9 (RLIN) | 58741 |
| 651 24 - PUNTO DE ACCESO ADICIONAL DE MATERIA--NOMBRE GEOGRÁFICO | |
| Nombre geográfico | España |
| 9 (RLIN) | 115342 |
| 773 0# - ENLACE AL DOCUMENTO FUENTE | |
| Encabezamiento principal | En: |
| Título | Actualidad laboral |
| Lugar editor y fecha de publicación | Madrid : 1988 |
| Número de control del registro relacionado | 104211 |
| Parte(s) relacionada(s) | nº 21, mayo ; p. 1177-1181 |
| 942 ## - ELEMENTOS DE PUNTO DE ACCESO ADICIONAL (KOHA) | |
| Tipo de ítem Koha | Artículos de revistas |
| Estado de retiro | Estado de pérdida | Estado dañado | No para préstamo | Localización permanente | Ubicación/localización actual | Fecha de adquisición | Precio válido a partir de | Tipo de ítem Koha |
|---|---|---|---|---|---|---|---|---|
| Biblioteca Central del Ministerio de la Presidencia | Biblioteca Central del Ministerio de la Presidencia | 21/04/2012 | 21/04/2012 | Artículos de revistas |
